Vidas para leerlas / (Registro nro. 10505)

Detalles MARC
000 -LIDER
fixed length control field 00857nam a22002777a 4500
001 - NÚMERO DE CONTROL
Identificador de número de control 00011103
003 - IDENTIFICACDOR DE NÚMERO DE CONTROL
control field DO-SdBNP
005 - DATE AND TIME OF LATEST TRANSACTION
control field 20231002094557.0
007 - CAMPOS FIJOS DE DESCRIPCIÓN FÍSICA
fixed length control field 0011103
008 - ELEMENTOS DE LONGITUD FIJA
fixed length control field 160622b 1998 sp 00| 0 spa d
020 ## - ISBN
International Standard Book Number 8420483699
040 ## - FUENTE DE CATALOGACIÓN
Agencia que crea de manera original el registro BPMSU
Idioma de catalogación spa
Agencia que realiza la transcripción BPMSU
082 #4 - NÚMERO DE CLASIFICACIÓN DECIMAL DE DEWEY
Classification number 920.02
Item number C11v 1998
Edition number 22
092 ## - LOCALLY ASSIGNED DEWEY DECIMAL CALL NUMBER
Número de clasificación
Número de ítem (Cutter)
100 1# - ASIENTO PRINCIPAL -- NOMBRE PERSONAL
Nombre personal Cabrera Infante, Guillermo
Fechas asociadas con el nombre 1929-2005.
Forma completa del nombre
245 10 - MENCIÓN DE TITULO
Título Vidas para leerlas /
Mención de responsabilidad Guillermo Cabrera Infante
260 ## - PUBLICACIÓN, DISTRIBUCIÓN, ETC. (PIE DE IMPRENTA)
Nombre del editor, distribuidor, etc. Alfaguara,
Lugar de publicación, distribución, etc Madrid :
Fecha de publicación, distribución, etc 1998.
300 ## - DESCRIPCIÓN FÍSICA
Extensión 294 p. ;
Dimensiones 24 cm.
490 0# - MENCIÓN DE SERIES
Mención de serie Extra Alfaguara.
500 ## - NOTA GENERAL
Nota general Incluye datos biográficos del autor en la solapa de la cubierta.
500 ## - NOTA GENERAL
Nota general Incluye referencias bibliogràficas y notas al pie de las páginas
590 ## - NOTA LOCAL
Texto de la nota local Inventariado, 2023/VM
650 #4 - ENCABEZAMIENTO DE MATERIA--TEMÁTICO
Término temático o nombre geográfico como elemento de entrada Biografías
Subdivisión cronológica
Subdivisión de forma
910 ## - VALIDACIÓN
Validación VMateo V. Control de calidad, BPMSU
942 ## - ADDED ENTRY ELEMENTS (KOHA)
Source of classification or shelving scheme Dewey Decimal Classification
Koha item type Libros
Existencias
Withdrawn status Lost status Source of classification or shelving scheme Damaged status Not for loan Collection code Home library Current library Date acquired Source of acquisition Total Checkouts Full call number Barcode Date last seen Koha item type Copy number Price effective from
    Dewey Decimal Classification     Colección General Biblioteca Pública Metropolitana Salomé Ureña Biblioteca Pública Metropolitana Salomé Ureña 06/22/2016 Afaguara   BPMSU CG 920.02 C117v 1998 BPMSU16060373 06/22/2016 Libros    
    Dewey Decimal Classification     Colección General Biblioteca Pública Metropolitana Salomé Ureña Biblioteca Pública Metropolitana Salomé Ureña 08/12/2016 Afaguara   BPMSU CG 920.02 C117v 1998 BPMSU16080177 08/12/2016 Libros e. 2  
    Dewey Decimal Classification     Colección General Biblioteca Pública Metropolitana Salomé Ureña Biblioteca Pública Metropolitana Salomé Ureña 02/20/2018 Alfaguara   BPMSU CG 920.02 C117v 1998 BPMSU18020194 02/20/2018 Libros e.3 02/20/2018